| 000 | 01167nam0a2200337 4500 | ||
|---|---|---|---|
| 001 | RU\NLR\bibl\1727922 | ||
| 005 | 20260406143006.0 | ||
| 010 |
_a978-5-373-03517-0 _94000 |
||
| 021 |
_aRU _b2010-102101 _96902 |
||
| 035 | _a(nilc)RSL-KNO-004868604 | ||
| 035 | _a(NLR Aleph) 001718886 | ||
| 090 |
_a1327023 _c1327023 |
||
| 100 | _a20101227d2011 |||y0rusy50 ca | ||
| 101 | 0 | _arus | |
| 102 | _aRU | ||
| 105 | _ay ||||||||| | ||
| 200 | 1 |
_aПозитивное мышление _eкак быть счастливой каждый день _fЛуиза Хей |
|
| 210 |
_aМосква _cОлма Медиа Групп _d2011 |
||
| 215 |
_a253, [2] с. _d20 |
||
| 225 | 1 | _aКлюч к счастливой жизни | |
| 606 | 1 |
_aПсихогигиена _jПопулярные издания _9929392 _3RU\NLR\auth\6623393 |
|
| 686 |
_aЮ949.2,0 _2rubbk |
||
| 686 | _aЮ948.1-8я9 | ||
| 700 | 1 |
_4070 _8rus _7ca _aХей _bЛ. Л. _f1926-2017 _gЛуиза Л. _3RU\NLR\auth\773619 _9113613 |
|
| 801 | 0 |
_aRU _bRuMoRKP _c20101227 |
|
| 801 | 1 |
_aRU _bRuMoRGB _c20101227 |
|
| 801 | 2 |
_aRU _bNLR _c20110127 _grcr |
|
| 942 | _cBOOK | ||
| 980 | _aNB | ||
| 980 | _aNBR | ||